000
00265pam a2200121 a 4500
020
_c
041
_a
eng
100
_a
Barne Kitly.
245
_a
Well Meet In Engalnd
_h
Textual Documents
260
_a
New York
_b
Penguin Books Ltd
300
_a
207p.
930
_a
15279
999
_c
92179
_d
92179